000 00647nam a22002417a 4500
003 UA-OsUOA
001 22395
007 ta
008 20031219b un ||||| |||| 00| 0 ukr d
100 _aКузнецов Б.Г.
090 _a141.132
_bК89
942 _cBK
040 _aUA-OsUOA
_brus
_cUA-OsUOA
_dUA-OsUOA
245 _aРазум и бытие
_bЭтюды о классическом рационализме и неклассической науке
300 _a288 с.
955 _a0
041 _arus
080 _a141.132
260 _aМосква
_bНаука
_c1972
044 _aRU
650 7 _2UDC
999 _c308613
_d308613